| 000 | 01040nam a2200241 i 4500 | ||
|---|---|---|---|
| 001 | 122863 | ||
| 003 | ES-MaACL | ||
| 005 | 20250401125425.0 | ||
| 007 | t| | ||
| 008 | 070214s1921 sp c |||| | spa d | ||
| 100 | 1 |
_aPulido, Ángel, _d1852-1932 _9149324 |
|
| 245 | 1 | 0 |
_aDesarrollo, esplendor y soberanía de la lengua española _b: mensaje dirigido al Excelentísimo Señor D. Antonio Maura, presidente de la Real Academia de la Lengua y a los señores académicos de la misma / _cÁngel Pulido. |
| 260 |
_aMadrid : _b[s.n.], _c1921 ( _fImp. Sucesores de Enrique Teodoro) |
||
| 300 |
_a88 p. : _b1 retr. ; _c22 cm. |
||
| 530 | _aDisponible en formato digital. | ||
| 599 | _aEl retrato es de D. Armando Gueron. | ||
| 650 | 0 | 4 |
_aSefardíes. _917011 |
| 650 | 4 |
_aLengua española- _xDifusión. _9141111 |
|
| 852 |
_aES-MaACL _j1626-F-13 _9127423 _cDEPOF _zRevisado enlace: 01 de Abril de 2025 |
||
| 856 |
_uhttp://bdh-rd.bne.es/viewer.vm?id=0000206115&page=1 _yBiblioteca Digital Hispánica |
||
| 942 | _2udc | ||
| 999 |
_c122863 _d122863 |
||